000 01281nam0a2200325 4500
001 RU\NLR\bibl\1769299
005 20260406085148.0
010 _a978-5-93833-726-8
_92500
021 _aRU
_b2011-29958
_92125
021 _aRU
_b2013-4161
_9290
035 _a(nilc)RSL-KNO-004933203
035 _a(NLR Aleph) 001760083
090 _a1572797
_c1572797
100 _a20110425d2011 |||y0rusy50 ca
101 0 _arus
102 _aRU
105 _aa zzzz|||||
200 1 _aВажные машины
_e[для дошкольного возраста
_eродителям для чтения вслух и показа детям]
_fЕ. Кузьмин
_g[худож. И. Цыганков]
210 _aМосква
_cМир Искателя
_d2011
215 _a[8] с.
_cцв. ил.
_d22
225 1 _aНеваляшка
700 1 _4070
_8rus
_7ca
_aКузьмин
_bЕ. Ф.
_cпедагог-методист
_gЕвгений Федорович
_3RU\NLR\auth\7754131
_937063
702 1 _4440
_8rus
_7ca
_aЦыганков
_bИ. А.
_cхудожник
_gИван Антонович
_3RU\NLR\AUTH\7754036
_936968
801 0 _aRU
_bRuMoRKP
_c20110425
801 1 _aRU
_bRuMoRGB
_c20110425
801 2 _aRU
_bNLR
_c20110516
_grcr
942 _cBOOK
980 _aNB
980 _aNBR